Comentarios a la ley de lo contencioso-administrativo : de 27 de diciembre de 1956 reformada en 17 de marzo de 1973 : con jurisprudencia y formularios / Francisco Pera Verdaguer de 27 de diciembre de 1956 reformada en 17 de marzo de 1973 :
ISBN:
84-7162-624-1
Descripción Física:
1106 p. ; 24 cm
MARC
| LEADER | 00000nam a2200000Ia 4500 | ||
|---|---|---|---|
| 001 | 19455 | ||
| 008 | 160829s1974 xx 000 0 cat d | ||
| 020 | |a 84-7162-624-1 | ||
| 080 | |a D-3-171 | ||
| 100 | |a Pera Verdaguer, Francisco |9 21610 | ||
| 245 | |a Comentarios a la ley de lo contencioso-administrativo : |b de 27 de diciembre de 1956 reformada en 17 de marzo de 1973 : |b con jurisprudencia y formularios / Francisco Pera Verdaguer | ||
| 250 | |a 3a ed. | ||
| 260 | |a Barcelona : |b Bosch, |c 1974 | ||
| 300 | |a 1106 p. ; |c 24 cm | ||
| 590 | |a Índex | ||
| 650 | |a Recurs contenciós administratiu |x Dret i legislació |x Espanya |9 24730 | ||
| 901 | |a Arxiu | ||
| 942 | |n 1 | ||
| 952 | |0 1 |1 0 |2 udc |4 0 |5 2 |6 D3171 |7 1 |9 47404 |a Arxiu |b Arxiu |d 2016-12-01 |l 0 |o D-3-171 |p 19455 |r 2016-12-01 00:00:00 |w 2016-12-01 |y ARXIU | ||
| 999 | |c 51202 |d 51202 | ||